The nature of statistical learning theory /

Guardado en:
Autor Principal: Vapnik, Vladimir Naumovich.
Formato: Libro
Idioma:English
Publicado: New York : Springer, c2000.
Edición:2nd ed.
Series:Statistics for engineering and information science
Materias:
Etiquetas: Agregar Etiqueta
Sin Etiquetas, Sea el primero en etiquetar este registro!
LEADER 00807cam a22002414a 4500
001 MAT.inmabb004033
008 990715s2000####nyua#####b####001#0#eng##
005 20151116183045.0
245 1 4 |a The nature of statistical learning theory /  |c Vladimir N. Vapnik. 
250 |a 2nd ed. 
260 |a New York :  |b Springer,  |c c2000. 
300 |a xix, 314 p. :  |b il. ;  |c 24 cm. 
440 0 |a Statistics for engineering and information science 
504 |a Incluye referencias bibliográficas (p. [301]-309) e índice. 
510 4 |a MR,  |c 2001c:68110 
020 |a 0387987800 
100 1 |a Vapnik, Vladimir Naumovich. 
650 0 |a Computational learning theory. 
650 0 |a Reasoning. 
084 |a 68T05 (60F10 62G99)  |2 MR 
010 |a  99039803  
040 |a DLC  |c DLC  |d DLC 
859 |h 68  |i V286-2  |p A-8401  |b BIB. MATEMATICA